000
00324nam a22001457a 4500
008
210531b ||||| |||| 00| 0 eng d
020
_a
0205126987
041
_a
eng
080
_a
159.9
082
_a
159.9
100
_a
48
101
_a
PSI
245
_a
Readings in Social Psychology
_c
Wayne A. Lesko
942
_2
udc
_c
BK
999
_c
57857
_d
57857